The Cheerios Christmas play book / (Record no. 2609)

MARC details
000 -LEADER
fixed length control field 00891cam a2200289 a 4500
005 - DATE AND TIME OF LATEST TRANSACTION
control field 20240108092318.0
020 ## - INTERNATIONAL STANDARD BOOK NUMBER
International Standard Book Number 9780689840081
040 ## - CATALOGING SOURCE
Original cataloging agency UUC
Transcribing agency UUC
Modifying agency DLC
Language of cataloging eng
050 00 - LIBRARY OF CONGRESS CALL NUMBER
Classification number PZ7.W1173
Item number 2000
082 00 - DEWEY DECIMAL CLASSIFICATION NUMBER
Classification number 793.7
100 1# - MAIN ENTRY--PERSONAL NAME
Personal name Wade, Lee
245 14 - TITLE STATEMENT
Title The Cheerios Christmas play book /
Statement of responsibility, etc. by Lee Wade
260 ## - PUBLICATION, DISTRIBUTION, ETC.
Place of publication, distribution, etc. New York :
Name of publisher, distributor, etc. Little Simon,
Date of publication, distribution, etc. 2000
300 ## - PHYSICAL DESCRIPTION
Extent 12 unnumbered pages :
Other physical details color illustrations ;
Dimensions 20 cm .
500 ## - GENERAL NOTE
General note Cover title.
500 ## - GENERAL NOTE
General note On board pages.
505 ## - FORMATTED CONTENTS NOTE
Formatted contents note F <br/>
520 ## - SUMMARY, ETC.
Summary, etc. Interactive book with places to add the dry cereal "Cheerios" to complete the picture.
521 ## - TARGET AUDIENCE NOTE
Target audience note 300 <br/>
Source Lexile <br/>
521 ## - TARGET AUDIENCE NOTE
Target audience note F <br/>
Source Raz-Plus <br/>
650 #0 - SUBJECT ADDED ENTRY--TOPICAL TERM
Topical term or geographic name entry element Toy and movable books
Form subdivision Specimens.
650 #1 - SUBJECT ADDED ENTRY--TOPICAL TERM
Topical term or geographic name entry element Christmas
Form subdivision Fiction.
650 #1 - SUBJECT ADDED ENTRY--TOPICAL TERM
Topical term or geographic name entry element Toy and movable books.
906 ## - LOCAL DATA ELEMENT F, LDF (RLIN)
a 7
b cbc
c copycat
d 2
e ncip
f 20
g y-gencatlg
942 ## - ADDED ENTRY ELEMENTS (KOHA)
Source of classification or shelving scheme Dewey Decimal Classification
Koha item type Books
Suppress in OPAC No
999 ## -
-- 2609
-- 2609
Holdings
Withdrawn status Lost status Source of classification or shelving scheme Damaged status Not for loan Collection Home library Current library Shelving location Date acquired Total Checkouts Full call number Barcode Date last seen Date last checked out Price effective from Koha item type
    Dewey Decimal Classification     Juvenile Fiction Footprints International School Library Network Toul Kork Campus Footprints International School Library Network Toul Kork Campus   01/04/2024 2 WAD 793.7 PZ7.W1173 FISBK05303 02/05/2024 01/22/2024 01/04/2024 Books